日本の新幹線列車の愛称 - Statistics

General Stats
  • This quiz has been taken 1,485 times
  • The average score is 14 of 19
Answer Stats
Answer % Correct
ひかり
97%
のぞみ
96%
こだま
96%
はやぶさ
93%
こまち
85%
さくら
84%
とき
77%
つばめ
76%
みずほ
73%
かがやき
72%
はくたか
67%
つばさ
66%
はやて
65%
なすの
64%
やまびこ
63%
あさま
59%
つるぎ
58%
かもめ
51%
たにがわ
51%
No matching quizzes found
Score Distribution
Percent of People with Each Score
Percentile by Number Answered
Your Score History
You have not taken this quiz